Joueurs du PSG vainqueurs de la Ligue des Champions - Statistiques

Statistiques générales
  • Ce quiz a été pris 66 fois
  • Le résultat moyen est 18 sur 23
Statistiques - réponses
Réponse % Correct
Ousmane Dembélé
98%
Désiré Doué
96%
Gianluigi Donnarumma
95%
Achraf Hakimi
91%
Marquinhos
91%
Vitinha
91%
Bradley Barcola
89%
Nuno Mendes
88%
Lucas Hernandez
86%
Fabián Ruiz
84%
João Neves
84%
Matvey Safonov
84%
Willian Pacho
84%
Warren Zaïre-Emery
82%
Gonçalo Ramos
79%
Senny Mayulu
77%
Lee Kang-in
70%
Khvicha Kvaratskhelia
66%
Luis Enrique
63%
Presnel Kimpembe
61%
Ibrahim Mbaye
59%
Lucas Beraldo
46%
Arnau Tenas
39%
Aucun quiz correspondant
Distribution des résultats
% des personnes avec chaque résultat
Percentile par nombre de réponses
Votre historique - résultats
Vous n’avez pas pris ce quiz